| 000 | 00412nam a2200157 a 4500 | ||
|---|---|---|---|
| 005 | 20140414132028.0 | ||
| 008 | 110317s19uu xx 00 eng d | ||
| 050 |
_aTR _bL72 1986 |
||
| 100 | _aWilliams, Linda | ||
| 245 | _aThe little old lady whoa was not afraid of anything. | ||
| 260 |
_aNew York : _bHarper Collins, _c1986. |
||
| 650 | _aFear | ||
| 650 | _aScarecrow | ||
| 999 |
_c113578 _d113578 |
||